| 000 | 00961cam a2200217 4500 | ||
|---|---|---|---|
| 001 | ABS65124 | ||
| 008 | 020306n2002 000 0 eng u | ||
| 035 | _a(Sirsi) u117017 | ||
| 100 | _aWalker, M. | ||
| 245 | _aChanging the rules - round 26 | ||
| 260 | _c2002 | ||
| 490 |
_aLaw Society's Gazette _v99(06) 7 February 2002, 32(1) |
||
| 520 | _aOutlines main changes to specialist jurisdictions and enforcement procedures as result of recent changes to Civil Procedure Rules. Practice directions 49C, 49D, 49F, 49G and 49H to be replaced by CPR parts 58-62, covering Commercial Court, Technology and Construction Court and claims or applications under Arbitration Act 1996. | ||
| 590 | _aABS | ||
| 650 | _aMANAGEMENT-DISPUTE AVOIDANCE, MANAGEMENT AND RESOLUTION-DISPUTE MANAGEMENT AND RESOLUTION-ARBITRATION | ||
| 650 | _aCIVIL PROCEDURE RULES | ||
| 650 | _aJURISDICTION | ||
| 650 | _aENFORCEMENT | ||
| 690 |
_aDispute resolution _96236 |
||
| 942 | _n0 | ||
| 999 |
_c69707 _d69707 |
||